[Event "FRA-chT U20 16 GP Basse 1213"]
[Site "France"]
[Date "2013.05.20"]
[Round "11"]
[White "Gehan, Clement"]
[Black "Reboul, Lou Orphe"]
[Result "0-1"]
[WhiteElo "1210"]
[BlackElo "1350"]
[PlyCount "68"]
[EventDate "2012.12.01"]
[EventType "team"]
[EventRounds "11"]
[EventCountry "FRA"]
[SourceTitle "EXT 2014"]
[Source "ChessBase"]
[SourceDate "2013.11.20"]
[SourceVersion "1"]
[SourceVersionDate "2013.11.20"]
[SourceQuality "1"]
[WhiteTeam "Saint Mande U20"]
[BlackTeam "Sainte Foy (U20)"]
[WhiteTeamCountry "FRA"]
[BlackTeamCountry "FRA"]

1. e4 e5 2. Nf3 Nc6 3. Nc3 Nf6 4. Bc4 Nxe4 5. Bxf7+ Kxf7 6. Nxe4 d5 7. Nc3 e4 8. Ng1 Be6 9. f3 Bf5 10. d3 Bb4 11. Nge2 exf3 12. gxf3 Qh4+ 13. Kf1 d4 14. Ng3 dxc3 15. bxc3 Bxc3 16. Ke2 Rae8+ 17. Ne4 Bxa1 18. Be3 Bd4 19. Bxd4 Nxd4+ 20. Ke3 Bxe4 21. dxe4 Qg5+ 22. Kf2 Ne6 23. Qd7+ Qe7 24. Qd1 Rhf8 25. Rf1 Kg8 26. Ke2 Qd6 27. Qe1 Nd4+ 28. Kf2 Qxh2+ 29. Ke3 Nxc2+ 30. Kd3 Rxf3+ 31. Kc4 Nxe1 32. Rxe1 Qd6 33. Rb1 Rxe4+ 34. Kb5 Qb6# 0-1

[Event "FRA-chT U20 GpB 1213"]
[Site "France"]
[Date "2012.12.03"]
[Round "3"]
[White "Gehan, Clement"]
[Black "Lialy Yao, Makine"]
[Result "0-1"]
[WhiteElo "1210"]
[BlackElo "1270"]
[PlyCount "38"]
[EventDate "2012.12.01"]
[EventType "team"]
[EventRounds "7"]
[EventCountry "FRA"]
[SourceTitle "EXT 2014"]
[Source "ChessBase"]
[SourceDate "2013.11.20"]
[SourceVersion "1"]
[SourceVersionDate "2013.11.20"]
[SourceQuality "1"]
[WhiteTeam "Saint Mande U20"]
[BlackTeam "Villepinte (U20)"]
[WhiteTeamCountry "FRA"]
[BlackTeamCountry "FRA"]

1. e4 d5 2. e5 e6 3. Nc3 Nc6 4. d4 Nh6 5. Be3 Nf5 6. Qd2 Bb4 7. a3 Nxe3 8. Qxe3 Ba5 9. b4 Bb6 10. Nf3 a5 11. Na4 axb4 12. Nxb6 cxb6 13. Be2 bxa3 14. Ra2 Nb4 15. Bb5+ Bd7 16. Bxd7+ Qxd7 17. Rxa3 Rxa3 18. Qxa3 Nxc2+ 19. Kd1 Nxa3 0-1